Proceedings of the Cutting Edge property research conference of the Royal Institution of Chartered Surveyors, held on 1-2 September 1995 at the University of Aberdeen. Volume 2: valuation: land use and planning : use. (Record no. 94517)

MARC details
000 -LEADER
fixed length control field 02522cam a2200469 4500
008 - FIXED-LENGTH DATA ELEMENTS--GENERAL INFORMATION
fixed length control field 090401t1995 xxu||||| |||| 00| 0 eng d
020 ## - INTERNATIONAL STANDARD BOOK NUMBER
International Standard Book Number 0854067205
035 ## - SYSTEM CONTROL NUMBER
System control number (Sirsi) u63211
041 ## - LANGUAGE CODE
Language code of text/sound track or separate title eng
050 ## - LIBRARY OF CONGRESS CALL NUMBER
Classification number 333.33072
090 ## - LOCALLY ASSIGNED LC-TYPE CALL NUMBER (OCLC); LOCAL CALL NUMBER (RLIN)
Classification number (OCLC) (R) ; Classification number, CALL (RLIN) (NR) RICS 1995/115ABCD
110 ## - MAIN ENTRY--CORPORATE NAME
Corporate name or jurisdiction name as entry element Royal Institution of Chartered Surveyors
9 (RLIN) 4900
245 ## - TITLE STATEMENT
Title Proceedings of the Cutting Edge property research conference of the Royal Institution of Chartered Surveyors, held on 1-2 September 1995 at the University of Aberdeen. Volume 2: valuation: land use and planning : use.
260 ## - PUBLICATION, DISTRIBUTION, ETC.
Place of publication, distribution, etc. London
Name of publisher, distributor, etc. RICS
Date of publication, distribution, etc. 1995
300 ## - PHYSICAL DESCRIPTION
Extent 443p. ; 30cm.
350 ## - PRICE (NR) (BK AM CF MU VM SE) [OBSOLETE]
Price 75
520 ## - SUMMARY, ETC.
Summary, etc. (Volume 1: ISBN 0854067191). Contents: - The valuation of NHS hospitals under capital charging. - HEALD, D. & SCOTT, D. / Confirmation bias in the valuation process. - GALLIMORE, P. / A spatial analysis of property values. - WYATT, P. / Valuation variance. - HUTCHISON, N., NANTHAKUMARAN, N., MacGREGOR, B., ADAIR, A. & MacGREAL, S. / The quality of valuation reports. - CROSBY, N., NEWELL, G., FRENCH, N., MATYSIAK, G. & RODNEY, B. / Hybrid leisure properties: to value or cost? - SAYCE, S. & CONNELLAN, O. / DCF valuation calculations and presentation in valuation reports. - JEFFERIES, R. / Valuation versus valuation accuracy: the effect of methodology. - HAVARD, T. / Business valuations and business strategy. - COLBORNE, A. / The contribution of upwards-only rent reviews on the capital values of commercial and industrial property in the UK. - CROSBY, N. / The valuation of upward-only rent reviews. - WARD, C. & FRENCH, N. / Towards sustainable real estate appraisals. - DENT, P. / The prob
650 ## - SUBJECT ADDED ENTRY--TOPICAL TERM
Topical term or geographic name entry element PROPERTY-COMMERCIAL PROPERTY
650 ## - SUBJECT ADDED ENTRY--TOPICAL TERM
Topical term or geographic name entry element CONFIRMATION BIAS
650 ## - SUBJECT ADDED ENTRY--TOPICAL TERM
Topical term or geographic name entry element CUTTING EDGE 1995
650 ## - SUBJECT ADDED ENTRY--TOPICAL TERM
Topical term or geographic name entry element ENVIRONMENTAL LAW
650 ## - SUBJECT ADDED ENTRY--TOPICAL TERM
Topical term or geographic name entry element FACILITIES MANAGEMENT
9 (RLIN) 6240
650 ## - SUBJECT ADDED ENTRY--TOPICAL TERM
Topical term or geographic name entry element JOINT VENTURE COMPANIES
650 ## - SUBJECT ADDED ENTRY--TOPICAL TERM
Topical term or geographic name entry element Land use
9 (RLIN) 6251
650 ## - SUBJECT ADDED ENTRY--TOPICAL TERM
Topical term or geographic name entry element NATIONAL LAND INFORMATION SERVICE
650 ## - SUBJECT ADDED ENTRY--TOPICAL TERM
Topical term or geographic name entry element PLANNING OBLIGATIONS
650 ## - SUBJECT ADDED ENTRY--TOPICAL TERM
Topical term or geographic name entry element POST-OCCUPANCY EVALUATION
650 ## - SUBJECT ADDED ENTRY--TOPICAL TERM
Topical term or geographic name entry element PROPERTY AUDITS
650 ## - SUBJECT ADDED ENTRY--TOPICAL TERM
Topical term or geographic name entry element PROPERTY DEVELOPMENT
650 ## - SUBJECT ADDED ENTRY--TOPICAL TERM
Topical term or geographic name entry element PROPERTY INVESTMENT
650 ## - SUBJECT ADDED ENTRY--TOPICAL TERM
Topical term or geographic name entry element Property management
9 (RLIN) 6262
650 ## - SUBJECT ADDED ENTRY--TOPICAL TERM
Topical term or geographic name entry element PROPERTY RESEARCH
650 ## - SUBJECT ADDED ENTRY--TOPICAL TERM
Topical term or geographic name entry element Refurbishment
9 (RLIN) 6264
650 ## - SUBJECT ADDED ENTRY--TOPICAL TERM
Topical term or geographic name entry element RETAIL PROPERTY MARKET
650 ## - SUBJECT ADDED ENTRY--TOPICAL TERM
Topical term or geographic name entry element SPATIAL ANALYSIS
650 ## - SUBJECT ADDED ENTRY--TOPICAL TERM
Topical term or geographic name entry element UPWARD ONLY RENT REVIEWS
650 ## - SUBJECT ADDED ENTRY--TOPICAL TERM
Topical term or geographic name entry element Valuation
9 (RLIN) 6273
690 ## - LOCAL SUBJECT ADDED ENTRY--TOPICAL TERM (OCLC, RLIN)
Topical term or geographic name as entry element PROPERTY LAW AND PRACTICE
700 ## - ADDED ENTRY--PERSONAL NAME
Personal name Brown, Stephen
International Standard Serial Number Editor
942 ## - ADDED ENTRY ELEMENTS (KOHA)
Suppress in OPAC 0
948 ## - LOCAL PROCESSING INFORMATION (OCLC); SERIES PART DESIGNATOR (RLIN)
c (OCLC) 04/03/1997
Holdings
Withdrawn status Lost status Source of classification or shelving scheme Damaged status Not for loan Home library Current library Shelving location Date acquired Cost, normal purchase price Total Checkouts Full call number Barcode Date last seen Copy number Cost, replacement price Price effective from Koha item type Date last checked out
    Dewey Decimal Classification     London London RICS Boxes 24/01/1996 75.00   RICS 1995/115 30049346 06/08/2019 1 75.00 06/08/2019 Archive  
    Dewey Decimal Classification     London London RICS Boxes 24/01/1996 75.00   RICS 1995/115 30049348 06/08/2019 2 75.00 06/08/2019 Reference material  
    Dewey Decimal Classification     London London RICS Boxes 24/01/1996 75.00 4 RICS 1995/115 30049350 06/08/2019 3 75.00 06/08/2019 Book 09/07/2004